Statistics for State Quiz - New South Wales

Click here to take the quiz!

General Stats

  • This quiz has been taken 18 times
  • The average score is 12 of 20

Answer Stats

HintAnswer% Correct
Capital and largest citySydney
100%
Bordering states and territoriesQueensland
92%
Bordering states and territoriesAustralian Capital Territory
92%
Bordering states and territoriesSouth Australia
92%
Second largest cityNewcastle
85%
Third largest cityWollongong
85%
Bordering states and territoriesVictoria
85%
River on the southern borderMurray River
77%
Tallest mountainMount Kosciuszko
62%
Country music capital of AustraliaTamworth
54%
Second oldest national park in the world{Royal} National Park
54%
State nicknameThe {First} State
54%
Mountain range that 'separates' the coast and inlandThe Great Dividing Range
54%
State flowerWaratah
46%
Region in the North West (Hint: not to be confused with the U.S region)New England
38%
Oldest Inland Settlement in AustraliaParramatta
38%
BHP was founded in this cityBroken Hill
31%
1808 coup d'état{Rum} Rebellion
31%
Sir Henry Parkes gave this speech in 1889, which is said to be the start of federationThe {Tenterfield} Oration
23%
The most _____ _______ have come from NSWPrime Ministers
23%

Score Distribution

Percentile by Number Answered

Percent of People with Each Score

Your Score History

You have not taken this quiz